<?xml version="1.0" encoding="UTF-8"?><?xml-stylesheet type="text/xsl" href="static/style.xsl"?><OAI-PMH xmlns="http://www.openarchives.org/OAI/2.0/" xmlns:xsi="http://www.w3.org/2001/XMLSchema-instance" xsi:schemaLocation="http://www.openarchives.org/OAI/2.0/ http://www.openarchives.org/OAI/2.0/OAI-PMH.xsd"><responseDate>2026-06-02T07:24:37Z</responseDate><request verb="GetRecord" identifier="oai:riuma.uma.es:10630/28894" metadataPrefix="marc">https://riuma.uma.es/rest/oai/request</request><GetRecord><record><header><identifier>oai:riuma.uma.es:10630/28894</identifier><datestamp>2026-02-03T10:50:45Z</datestamp><setSpec>com_10630_2254</setSpec><setSpec>col_10630_37953</setSpec></header><metadata><record xmlns="http://www.loc.gov/MARC21/slim" xmlns:dcterms="http://purl.org/dc/terms/" xmlns:doc="http://www.lyncode.com/xoai" xmlns:xsi="http://www.w3.org/2001/XMLSchema-instance" xsi:schemaLocation="http://www.loc.gov/MARC21/slim http://www.loc.gov/standards/marcxml/schema/MARC21slim.xsd">
   <leader>00925njm 22002777a 4500</leader>
   <datafield ind2=" " ind1=" " tag="042">
      <subfield code="a">dc</subfield>
   </datafield>
   <datafield ind2=" " ind1=" " tag="720">
      <subfield code="a">Armenteros-Lojo, María José</subfield>
      <subfield code="e">author</subfield>
   </datafield>
   <datafield ind2=" " ind1=" " tag="720">
      <subfield code="a">Jiménez-Jáimez, Víctor José</subfield>
      <subfield code="e">author</subfield>
   </datafield>
   <datafield ind2=" " ind1=" " tag="260">
      <subfield code="c">2023-12-25</subfield>
   </datafield>
   <datafield ind2=" " ind1=" " tag="520">
      <subfield code="a">Archaeological sites characterized by significant concentrations of pits (‘pit sites’) were widespread in prehistoric Europe. In southern Iberia, many pit sites date back to the Late Neolithic and Chalcolithic periods (fourth-third millennia BCE), and often display massive numbers of pits. Deciphering the social, economic, and symbolic significance of such sites, composed of hundreds or even thousands of pits, holds deep historical implications. What do these pits mean, and how were they used? If they functioned as grain storage pits, as many believe, did they represent a substantial economic surplus? Unfortunately, many of these sites have been inadequately published and remain poorly known north of the Pyrenees. This paper aims to contribute to the broader understanding of prehistoric pit sites in Europe by providing an overview of southern Iberian pit sites, and of the debates that have developed around their interpretation.</subfield>
   </datafield>
   <datafield ind1="8" ind2=" " tag="024">
      <subfield code="a">Armenteros-Lojo M. J., and Jiménez-Jáimez V. (2023).Massive prehistoric pit sites in southern iberia:challenges, opportunities and lessons learned, Oxford Journal of Archaeology, doi: https://doi.org/10.1111/ojoa.12286</subfield>
   </datafield>
   <datafield ind1="8" ind2=" " tag="024">
      <subfield code="a">https://hdl.handle.net/10630/28894</subfield>
   </datafield>
   <datafield ind1="8" ind2=" " tag="024">
      <subfield code="a">10.1111/ojoa.12286</subfield>
   </datafield>
   <datafield tag="653" ind2=" " ind1=" ">
      <subfield code="a">Silos</subfield>
   </datafield>
   <datafield tag="653" ind2=" " ind1=" ">
      <subfield code="a">Construcciones agrícolas</subfield>
   </datafield>
   <datafield tag="653" ind2=" " ind1=" ">
      <subfield code="a">Excavaciones arqueológicas</subfield>
   </datafield>
   <datafield tag="653" ind2=" " ind1=" ">
      <subfield code="a">Península Ibérica - Restos arqueológicos prehistóricos</subfield>
   </datafield>
   <datafield tag="653" ind2=" " ind1=" ">
      <subfield code="a">España - Historia - Epoca prehistórica</subfield>
   </datafield>
   <datafield tag="653" ind2=" " ind1=" ">
      <subfield code="a">Neolítico - Europa</subfield>
   </datafield>
   <datafield tag="653" ind2=" " ind1=" ">
      <subfield code="a">Edad del cobre</subfield>
   </datafield>
   <datafield ind2="0" ind1="0" tag="245">
      <subfield code="a">Massive prehistoric pit sites in southern iberia:challenges, opportunities and lessons learned</subfield>
   </datafield>
</record>
</metadata></record></GetRecord></OAI-PMH>